Single farm payment estimates (Record no. 117571)

MARC details
000 -LEADER
fixed length control field 01045cam a2200229 4500
001 - CONTROL NUMBER
control field WB4024-18
008 - FIXED-LENGTH DATA ELEMENTS--GENERAL INFORMATION
fixed length control field 040622n2004 000 0 eng u
035 ## - SYSTEM CONTROL NUMBER
System control number (Sirsi) u126555
245 ## - TITLE STATEMENT
Title Single farm payment estimates
260 ## - PUBLICATION, DISTRIBUTION, ETC.
Date of publication, distribution, etc. 2004
490 ## - SERIES STATEMENT
Series statement Scottish Executive News Release
Volume/sequential designation (SEENpaym/2004) 21 June 2004 (3)
520 ## - SUMMARY, ETC.
Summary, etc. Over 20 000 farmers will be given a 'best estimate' of their potential payment under the Single Farm Payment Scheme. This will replace the range of production subsidies previously paid under the Common Agricultural Policy from 2005. The Scottish Executive Environment and Rural Affairs Department will write to all eligible producers setting out how their payment has been calculated. http://www.scotland.gov.uk/pages/news/2004/06/SEEN paym.aspx
590 ## - LOCAL NOTE (RLIN)
Local note WB
590 ## - LOCAL NOTE (RLIN)
Local note WB
650 ## - SUBJECT ADDED ENTRY--TOPICAL TERM
Topical term or geographic name entry element SCOTLAND
650 ## - SUBJECT ADDED ENTRY--TOPICAL TERM
Topical term or geographic name entry element SINGLE FARM PAYMENTS
650 ## - SUBJECT ADDED ENTRY--TOPICAL TERM
Topical term or geographic name entry element COMMON AGRICULTURAL POLICY
650 ## - SUBJECT ADDED ENTRY--TOPICAL TERM
Topical term or geographic name entry element PRODUCTION SUBSIDIES
650 ## - SUBJECT ADDED ENTRY--TOPICAL TERM
Topical term or geographic name entry element CROFTERS
690 ## - LOCAL SUBJECT ADDED ENTRY--TOPICAL TERM (OCLC, RLIN)
Topical term or geographic name as entry element RURAL-FARM BUSINESS MANAGEMENT
942 ## - ADDED ENTRY ELEMENTS (KOHA)
Suppress in OPAC 0
Holdings
Withdrawn status Lost status Source of classification or shelving scheme Damaged status Not for loan Home library Current library Shelving location Date acquired Total Checkouts Full call number Barcode Date last seen Copy number Price effective from Koha item type
    Dewey Decimal Classification     London London News article 22/06/2004   WB4024-18 126555-1001 06/08/2019 1 06/08/2019 News article